The urban housing handbook

Guardat en:
Dades bibliogràfiques
Autor principal: FIRLEY, Eric
Format: Llibre
Idioma:anglès
Publicat: John Wiley 2009
Etiquetes: Afegir etiqueta
Sense etiquetes, Sigues el primer a etiquetar aquest registre!

MARC

LEADER 00000nam a22000007a 4500
008 210426b ||||| |||| 00| 0 eng d
020 |a : 978-1-119-98998-1 
100 |a FIRLEY, Eric. 
245 |a The urban housing handbook  |c Eric Firley  
260 |b John Wiley  |c 2009  |h , England  |i 687108  |l NA7126 .F51  |m  Architecture, Domestic – Designs and plans  |m Dwellings – Designs and plans. 
500 |a “It includes index 
942 |a lcc  |c BK  |e Mr ogunleye  |f 26/04/2021 
952 |0 0  |1 0  |2 lcc  |4 0  |6 NA7126 F51  |7 0  |9 2297  |a HOL  |b HOL  |d 2021-04-26  |l 0  |o NA7126 .F51  |p 2021-6151  |r 2021-04-26 00:00:00  |w 2021-04-26  |y BK 
999 |c 1182  |d 1182